Match the town to the island (2) - Statistics

General Stats
  • This quiz has been taken 27 times
  • The average score is 7 of 15
Answer Stats
Hint Explanation Answer % Correct
Asahikawa Japan Hokkaido
84%
Balikpapan Indonesia Borneo
72%
Kholmsk Russia Sakhalin
72%
Pinar del Rio Cuba Cuba
64%
Akureyri Iceland Iceland
56%
Alghero Italy Sardinia
52%
St. Anne British dependency Alderney
48%
Chancery Lane Barbados Barbados
44%
Tagbilaran Philippines Bohol
44%
Mumbai India Salsette
44%
Mahajanga Madagascar Madagascar
40%
Higuey Dominican Republic Hispaniola
36%
Islip NY, USA Long Island
32%
Kalyves Greece Crete
24%
Sand Point Alaska, USA Popof
12%
No matching quizzes found
Score Distribution
Percent of People with Each Score
Percentile by Number Answered
Your Score History
You have not taken this quiz